Города Тверской области - Statistics

General Stats
  • This quiz has been taken 168 times
  • The average score is 12 of 23
Answer Stats
Население Город % Correct
412 994 Тверь
100%
55 757 Ржев
79%
41 116 Торжок
76%
45 830 Вышний Волочёк
69%
16 674 Осташков
64%
20 234 Бологое
63%
40 875 Кимры
57%
12 621 Калязин
54%
6956 Андреаполь
53%
14 113 Кашин
51%
21 466 Бежецк
50%
11 441 Торопец
50%
33 560 Конаково
47%
7869 Западная Двина
47%
6938 Старица
47%
6330 Весьегонск
47%
11 017 Лихославль
46%
25 950 Удомля
44%
18 603 Нелидово
40%
9262 Кувшиново
36%
3125 Белый
36%
6217 Зубцов
35%
4998 Красный Холм
33%
No matching quizzes found
Score Distribution
Percent of People with Each Score
Percentile by Number Answered
Your Score History
You have not taken this quiz